| 000 | 00000nam##2200000za#4500 |
| 001 | 9.615670 |
| 003 | CaOODSP |
| 005 | 20210929082757 |
| 007 | ta |
| 008 | 150406|2001||||xxc||||| f|0| 0 eng|d |
| 020 | |a0-662-30753-4 |
| 022 | |a1209-6571 |
| 040 | |aCaOODSP|beng |
| 043 | |an-cn--- |
| 086 | 1 |aFo29-47/26-2001E |
| 110 | 1 |aCanada. |bNatural Resources Canada. |bCanadian Forest Service. |
| 245 | 10|aTree growth on displaced and compacted soils|cby John P. Senyk. |
| 260 | |aVictoria - British Columbia : |bNatural Resources Canada. |c2001. |
| 300 | |a4p. : |bfigs., references, tables ; |c28 cm. |
| 490 | 1 |aTechnology transfer note|x1209-6571|v26 |
| 563 | |aPamphlet |
| 590 | |a01-39|b2001-09-28 |
| 690 | 07|aSoil|2gcpds |
| 690 | 07|aForestry industry|2gcpds |
| 690 | 07|aNature conservation|2gcpds |
| 720 | 1 |aSenyk, John P. |
| 776 | 0#|tTree growth on displaced and compacted soils|w(CaOODSP)9.572382 |
| 830 | #0|aTechnology transfer note,|x1209-6571|v26|w(CaOODSP)9.514646 |